00732nam a2200217Ia 450000500170000000800410001704000190005804100120007708200200008910000180010924500490012726000290017630000110020550400190021665000190023585000100025494200070026499900170027195201190028895201070040720221205102140.0131103s9999 xx 000 0 und d aLoreto College aEnglish a821.91bHAR-HYN aHynes, Samuel 4aThe pattern of Hardy's poetrycSamuel Hynes  aU.S.AbChapel hillc1961 a193p.  aIncludes index aEnglish poetry aLCLIB cBK c21808d72287 00102ddc4070aMAINbMAINd2013-11-04l1o821.91 HAR-HYN 19294pB24030r2019-02-18s2019-02-18w2013-11-04yBKf 00102ddc4070aMAINbMAINd2013-11-04l0o821.91 HAR-HYN 27167pB24031r2013-11-04w2013-11-04yBKf